000 01042nam0a22002531 4500
001 rc\4560773
005 20130416184843.3
035 _a(NLR Aleph) 008369452
090 _a9048533
_c9048533
100 _a20130416d1964 |||y0rusy50 ca
101 0 _arus
102 _aRU
105 _aa z |||||
200 1 _aРольганг с пневматическим подъемом моста
_fГос. Ком. Совета Министров РСФСР по координации науч.-исслед. работ. Гос. Науч.-исслед. ин-т науч. и техн. информации
210 _aМосква
_cБ. и.
_d1964
215 _a5 с.
_cчерт.
_d15
225 1 _aПередовой научно-технический и производственный опыт
_v№ 27-64-692/73
700 1 _aЛокосов
_bА. В.
_gАндрей Васильевич
701 1 _aАнтонова
_bГ. Ф.
801 0 _aRU
_bNLR
_gpsbo
801 1 _aRU
_bELAR
_2rusmarc
852 _aNLR
_jП11/2295
942 _cBOOK
980 _aNB